Best NFL Defensive Backs of 2020 (NFL.com) - Statistics

General Stats
  • This quiz has been taken 278 times
  • The average score is 8 of 17
Answer Stats
Player % Correct
3 Richard Sherman
84%
5 Jalen Ramsey
83%
1 Stephon Gilmore
71%
7 Tre'Davious White
61%
8 Marcus Peters
54%
13 Marlon Humphrey
52%
12 Marshon Lattimore
46%
14 Darius Slay
43%
4 Minkah Fitzpatrick
42%
10 Harrison Smith
41%
2 Jamal Adams
41%
6 Tyrann Mathieu
38%
11 Earl Thomas
29%
17 Justin Simmons
28%
15 Budda Baker
24%
16 Kevin Byard
20%
9 Logan Ryan
8%
No matching quizzes found
Score Distribution
Percent of People with Each Score
Percentile by Number Answered
Your Score History
You have not taken this quiz